Konw-know v logistike podniku
Uplatňovanie znalostných technológií v logistike podniku. Historický vývoj výroby. Vývojové trendy vyúsťujúce do znalostnej výroby. Procesy podnikovej logistiky. Tvorba expertného logistického systému. Aplikácia expertného systému v logistike.
Salvato in:
| Autore principale: | |
|---|---|
| Natura: | Capitolo di libro |
| Lingua: | slovacco |
| Soggetti: | |
| Tags: |
Nessun Tag, puoi essere il primo ad aggiungerne!!
|
MARC
| LEADER | 00000naa$a2200000$$$4500 | ||
|---|---|---|---|
| 001 | 0045661 | ||
| 005 | 20231013084254.5 | ||
| 041 | 0 | |a slo | |
| 044 | |a SK | ||
| 245 | 1 | 0 | |a Konw-know v logistike podniku |c Ján Cabadaj |
| 520 | |a Uplatňovanie znalostných technológií v logistike podniku. Historický vývoj výroby. Vývojové trendy vyúsťujúce do znalostnej výroby. Procesy podnikovej logistiky. Tvorba expertného logistického systému. Aplikácia expertného systému v logistike. | ||
| 610 | 2 | 0 | |a logistika podniková |
| 610 | 2 | 0 | |a výroba |
| 610 | 2 | 0 | |a riadenie znalostí |
| 610 | 2 | 0 | |a technológie znalostné |
| 610 | 2 | 0 | |a systémy expertné |
| 610 | 2 | 0 | |a systémy znalostné |
| 100 | 1 | |a Cabadaj, Ján | |